Szczegóły MARC21

Ekonomika poczty /

003 -Nazwa inst., której nr kontr. jest w polu 001 [,]
    • @
    • Nazwa instytucji, której n kontrolny jest w polu 001
    • NUKAT
005 -DATA I CZAS OSTATNIEJ MODYFIKACJI [,]
    • @
    • pole kontrolne
    • 20241231094451.0
040 -Instytucja sporządzająca opis [ , ]
    • a
    • Instytucja, która sporządziła opis (NP)
    • POZN U/MW
    • c
    • Instytucja, która sporządziła rekord (NP)
    • POZN U/MW
    • d
    • Instytucja, która zmodyfikowała rekord (P)
    • POZN U/RD
    • d
    • Instytucja, która zmodyfikowała rekord (P)
    • POZN U/HPs
942 -Rodzaj dokumentu [ , ]
    • c
    • Rodzaj dokumentu
    • Książka
100 -Hasło główne - nazwa osobowa [1, ]
    • a
    • Nazwa osobowa (NP)
    • Czaplewski, Roman.
    • 9
    • KHW
    • 78
245 -Strefa tytułu i oznaczenia odpowiedzialności [1,0]
    • a
    • Tytuł
    • Ekonomika poczty / Find
    • c
    • Pozostałe elementy strefy tytułu i oznaczenia odpowiedzialności (NP)
    • Roman Czaplewski.
260 -Strefa adresu wydawniczego [ , ]
    • a
    • Miejsce wydania (P)
    • Szczecin :
    • b
    • Nazwa wydawcy (P)
    • Wydaw. Naukowe US,
    • c
    • Data wydania (P)
    • 1993.
300 -Strefa opisu fizycznego [ , ]
    • a
    • Określenie formy książki i/lub objętość (NP)
    • 111 s. ;
    • c
    • Format (NP)
    • 24 cm.
336 -Typ zawartości [ , ]
    • a
    • Termin opisujący typ zawartości
    • Tekst
    • b
    • Kod określający zawartość
    • txt
    • 2
    • Źródło (terminu i kodu)
    • rdacontent
337 -Typ mediów [ , ]
    • a
    • Tryb odtwarzania
    • Bez urządzenia pośredniczącego
    • b
    • Kod typu mediów
    • n
    • 2
    • Źródło (terminu i kodu)
    • rdamedia
338 -Typ/rodzaj nośnika [ , ]
    • a
    • Hasło opisujące typ nośnika
    • Wolumin
    • b
    • Kod typu nośnika
    • nc
    • 2
    • Źródło (terminu i kodu)
    • rdacarrier
504 -Uwaga dot. bibliogr. załącznikowej [ , ]
    • a
    • Uwaga dot. bibliografii załącznikowej
    • Bibliogr. s. 109-111.
521 -Uwaga dot. przeznaczenia czytelniczego [8, ]
    • a
    • Uwaga dot. przeznaczenia czytelniczego
    • Skrypt dla studentów ekonomiki i organizacji łączności.
080 -Uniwersalna Klasyfikacja Dziesiętna [ , ]
    • a
    • Symbol klasyfikacji
    • 338.47(075.8)
080 -Uniwersalna Klasyfikacja Dziesiętna [ , ]
    • a
    • Symbol klasyfikacji
    • :656.8(075.8)
650 -Hasło przedmiotowe [ ,7]
    • a
    • Hasło przedmiotowe
    • Poczta
    • x
    • Określnik rzeczowy
    • aspekt ekonomiczny
    • v
    • Określnik formalny
    • podręczniki akademickie.
    • 2
    • Źródło terminu
    • kaba
    • 9
    • KHW
    • 360991
980 -Symbol UKD [ , ]
    • a
    • UKD
    • 338.47:656.8](075.8)
Status udost. Numer inwentarzowy Lokalizacja Data inwentaryzacji
-2E.61300BE1996-07-01
2S.75173BE1996-07-01
-6S.75204BE1996-07-01
-3S.83399BE1999-03-22
-11TS.75174T1996-07-01
-11TS.75175T1996-07-01
-11TS.75176T1996-07-01
-11TS.75177T1996-07-01
-11TS.75178T1996-07-01
-11TS.75179T1996-07-01
-11TS.75180T1996-07-01
-11TS.75181T1996-07-01
-11TS.75182T1996-07-01
-11TS.75183T1996-07-01
-11TS.75184T1996-07-01
-11TS.75185T1996-07-01
-11TS.75186T1996-07-01
-11TS.75187T1996-07-01
-11TS.75188T1996-07-01
-11TS.75189T1996-07-01
-11TS.75190T1996-07-01
-11TS.75191T1996-07-01
-11TS.75192T1996-07-01
-11TS.75193T1996-07-01
-11TS.75194T1996-07-01
-11TS.75195T1996-07-01
-11TS.75196T1996-07-01
-11TS.75197T1996-07-01
-11TS.75198T1996-07-01
-11TS.75199T1996-07-01
-11TS.75200T1996-07-01
-11TS.75201T1996-07-01
-11TS.75202T1996-07-01
-11TS.75203T1996-07-01
-11TS.75205T1996-07-01
-11TS.75206T1996-07-01
-11TS.75207T1996-07-01
-11TS.75208T1996-07-01
-11TS.75209T1996-07-01
-11TS.75210T1996-07-01
-11TS.75211T1996-07-01
-11TS.75212T1996-07-01
-11TS.79220T1996-10-02
-6TS.78608T1996-07-01
-6TS.78609T1996-07-01
-6TS.78610T1996-07-01
-6TS.78611T1996-07-01
-6TS.78612T1996-07-01
-6TS.78613T1996-07-01
-6TS.78614T1996-07-01
-6TS.78615T1996-07-01
-6TS.78616T1996-07-01
-6TS.78617T1996-07-01
-6TS.78862T1996-09-17
-6TS.78863T1996-09-17
-6TS.78864T1996-09-17
-6TS.78865T1996-09-17
-6TS.78866T1996-09-17
-6TS.78867T1996-09-17